000 00391nam a22001697a 4500
003 UA-OsUOA
001 4824
007 ta
008 20050721b un ||||| |||| 00| 0 ukr d
100 _aFlower
700 _aLinda
942 _cBK
040 _aUA-OsUOA
_cUA-OsUOA
_dUA-OsUOA
245 _aMcDougal, Littell English. Teacher's Edition.
_bEnglish Practice
955 _a2
650 7 _2UDC
999 _c290986
_d290986